Word Ladder: Three Cities Quiz Stats

 Plays Quiz Updated Jan 24, 2015

Challenge
Share
Tweet
Embed
Score 0/30 Timer 02:00
5 Plays Today
Hint 4-Letter Word % Correct
Word Ladder 1*CAPE*
98.5%
Word Ladder 1BARE
93.2%
Word Ladder 1CARE
92.7%
Word Ladder 1BORN
91.9%
Word Ladder 1BORE
90.7%
Word Ladder 3*TOWN*
89.3%
Word Ladder 1*TOWN*
89.3%
Word Ladder 2*TOWN*
89.3%
Word Ladder 2BOOT
89.1%
Word Ladder 1MOON
88.8%
Word Ladder 1MORN
88.1%
Word Ladder 2BOLT
87%
Word Ladder 3BARN
86.8%
Word Ladder 2BELT
86.1%
Word Ladder 2FEET
85.3%
Hint 4-Letter Word % Correct
Word Ladder 3DAWN
82.9%
Word Ladder 2*FREE*
82.9%
Word Ladder 3BERN
82.7%
Word Ladder 2FRET
81.7%
Word Ladder 1GOWN
81.3%
Word Ladder 2FELT
80.9%
Word Ladder 1GOON
80.2%
Word Ladder 3DARN
79.5%
Word Ladder 2TOON
77.9%
Word Ladder 3*BEAN*
77.8%
Word Ladder 3HAWN
76.9%
Word Ladder 2BOON
75.4%
Word Ladder 3SEWN
73.3%
Word Ladder 3SOWN
70.4%
Word Ladder 3HEWN
66.2%

Today's Daily Dose

You're not logged in!

Compare scores with friends on all Sporcle quizzes.
OR
Log In

You Might Also Like...

Show Comments

Extras

Top Quizzes Today


Score Distribution

Your Account Isn't Verified!

In order to create a playlist on Sporcle, you need to verify the email address you used during registration. Go to your Sporcle Settings to finish the process.

Report this User

Report this user for behavior that violates our Community Guidelines.

Details: